| 000 | 00592nam a2200193Ia 4500 | ||
|---|---|---|---|
| 005 | 20250508163559.0 | ||
| 008 | 008 250505s9999 xx 000 0 hin d | ||
| 037 | _aDissertations | ||
| 040 |
_aFEDL _beng _cFEDL |
||
| 041 |
_ahin _2eng |
||
| 084 |
_a650.07, SUS/DI _qFEDL |
||
| 100 | _aShushil Kumar | ||
| 245 | 0 | _aVyavasaye addhyan ke pathyekaram ka uchyetar madhyamik ster par vyavasaiyak dhara ke antergat vikas | |
| 260 | _c1998 | ||
| 300 | _a99p. | ||
| 546 | _aM.Ed. Dissertation (Delhi University) | ||
| 942 |
_cDIS _h650.07, SUS/DI |
||
| 999 |
_c1384192 _d1384192 |
||